[Event "Oberliga Wuerttemberg 0809"]
[Site "Wuerttemberg"]
[Date "2008.10.12"]
[Round "1.3"]
[White "Schmid, Hartmut"]
[Black "Mohrlok, Dieter A"]
[Result "0-1"]
[WhiteElo "2021"]
[BlackElo "2208"]
[PlyCount "79"]
[EventDate "2008.10.12"]
[EventType "team-tourn"]
[EventRounds "9"]
[EventCountry "GER"]
[SourceTitle "EXT 2019"]
[Source "ChessBase"]
[SourceDate "2018.10.10"]
[SourceVersion "1"]
[SourceVersionDate "2018.10.10"]
[SourceQuality "1"]
[WhiteTeam "Stuttgart SF II"]
[BlackTeam "Stuttgart SF"]
[WhiteTeamCountry "GER"]
[BlackTeamCountry "GER"]

1. d4 g6 2. Nf3 Bg7 3. e4 d6 4. Nc3 c6 5. Be3 Nd7 6. Qd2 Qa5 7. Bd3 Ngf6 8. h3 0-0 9. 0-0 Re8 10. Ne2 Qxd2 11. Nxd2 c5 12. c3 b6 13. Bb5 Rd8 14. Bc6 Rb8 15. f4 e6 16. c4 cxd4 17. Bxd4 Bb7 18. Bxb7 Rxb7 19. Rad1 Nc5 20. Ng3 Rbd7 21. b4 Na4 22. Nf3 e5 23. Be3 Nb2 24. Rb1 Nxc4 25. Bc1 exf4 26. Bxf4 Ne8 27. Rbe1 Nc7 28. Ne2 Ne6 29. b5 Nc5 30. Rc1 Na3 31. Nd2 Nxb5 32. Rf3 Re8 33. Ng3 Nd4 34. Rff1 Nd3 35. Rc4 b5 36. Rc3 Nxf4 37. Rxf4 Be5 38. Rf2 Nf5 39. exf5 Bxc3 40. Nde4 0-1

[Event "GER-chT Seniors 17th"]
[Site "Berlin"]
[Date "2008.09.05"]
[Round "6"]
[White "Liebert, Heinz"]
[Black "Mohrlok, Dieter A"]
[Result "1/2-1/2"]
[WhiteElo "2246"]
[BlackElo "2298"]
[PlyCount "30"]
[EventDate "2008.08.31"]
[EventType "team-swiss"]
[EventRounds "7"]
[EventCountry "GER"]
[SourceTitle "CBM 126 Extra"]
[Source "ChessBase"]
[SourceDate "2008.11.05"]
[SourceVersion "1"]
[SourceVersionDate "2008.11.05"]
[SourceQuality "1"]

1. c4 g6 2. Nf3 Bg7 3. Nc3 d6 4. d4 Nd7 5. g3 e5 6. Bg2 Ne7 7. 0-0 0-0 8. e4 exd4 9. Nxd4 Nc6 10. Nde2 a5 11. Be3 Nde5 12. b3 a4 13. h3 axb3 14. axb3 Rxa1 15. Qxa1 f5 1/2-1/2

[Event "Oberliga Wuerttemberg 0708"]
[Site "Wuerttemberg"]
[Date "2008.04.20"]
[Round "9.2"]
[White "Mohrlok, Dieter A"]
[Black "Jurek, Josef"]
[Result "0-1"]
[WhiteElo "2306"]
[BlackElo "2339"]
[PlyCount "60"]
[EventDate "2007.10.07"]
[EventType "team-tourn"]
[EventRounds "9"]
[EventCountry "GER"]
[SourceTitle "EXT 2018"]
[Source "ChessBase"]
[SourceDate "2017.10.13"]
[SourceVersion "1"]
[SourceVersionDate "2017.10.13"]
[SourceQuality "1"]
[WhiteTeam "Stuttgart SF"]
[BlackTeam "Schwaebisch Gmuend"]
[WhiteTeamCountry "GER"]
[BlackTeamCountry "GER"]

1. b3 d5 2. Bb2 Bg4 3. h3 Bh5 4. Nf3 Nd7 5. d3 Bxf3 6. gxf3 e5 7. d4 Bb4+ 8. c3 Ba5 9. dxe5 Nxe5 10. f4 Ng6 11. e3 Nf6 12. Nd2 d4 13. Qc2 dxc3 14. Bxc3 Bxc3 15. Qxc3 0-0 16. Bg2 Re8 17. 0-0 Nd5 18. Bxd5 Qxd5 19. Rad1 Qh5 20. Kh2 Rad8 21. Rde1 Qd5 22. Rd1 Qh5 23. Rde1 Nh4 24. Rg1 g6 25. Rg5 Qh6 26. Rg3 Rd7 27. Nc4 Qg7 28. Qxg7+ Kxg7 29. Rc1 f6 30. Kh1 c5 0-1

[Event "Oberliga Wuerttemberg 0708"]
[Site "Wuerttemberg"]
[Date "2007.10.21"]
[Round "2.3"]
[White "Mohrlok, Dieter A"]
[Black "Rupp, Michael"]
[Result "1/2-1/2"]
[WhiteElo "2306"]
[BlackElo "2251"]
[PlyCount "45"]
[EventDate "2007.10.07"]
[EventType "team-tourn"]
[EventRounds "9"]
[EventCountry "GER"]
[SourceTitle "EXT 2018"]
[Source "ChessBase"]
[SourceDate "2017.10.13"]
[SourceVersion "1"]
[SourceVersionDate "2017.10.13"]
[SourceQuality "1"]
[WhiteTeam "Stuttgart SF"]
[BlackTeam "Ebersbach"]
[WhiteTeamCountry "GER"]
[BlackTeamCountry "GER"]

1. d4 d5 2. Bf4 e6 3. e3 Bd6 4. Bg3 Nf6 5. Nd2 c5 6. c3 Nc6 7. Ngf3 0-0 8. Bd3 b6 9. Ne5 Bb7 10. f4 Ne7 11. Bh4 Ne4 12. Nxe4 dxe4 13. Be2 cxd4 14. Bxe7 Qxe7 15. cxd4 Bxe5 16. fxe5 Qg5 17. Qd2 Qxg2 18. 0-0-0 Rac8+ 19. Kb1 Rc7 20. h4 Rfc8 21. Rdg1 Qf2 22. Rf1 Qg2 23. Rfg1 1/2-1/2

[Event "Wch Seniors 17th"]
[Site "Gmunden"]
[Date "2007.09.23"]
[Round "6"]
[White "Zhelesny, Stanislav"]
[Black "Mohrlok, Dieter A"]
[Result "1/2-1/2"]
[WhiteElo "2222"]
[BlackElo "2322"]
[PlyCount "42"]
[EventDate "2007.09.17"]
[EventType "swiss"]
[EventRounds "11"]
[EventCountry "AUT"]
[SourceTitle "CBM 120 Extra"]
[Source "ChessBase"]
[SourceDate "2007.11.01"]
[SourceVersion "1"]
[SourceVersionDate "2007.11.01"]
[SourceQuality "1"]

1. Nf3 d5 2. d4 Bg4 3. g3 Nc6 4. Bg2 e6 5. 0-0 Nf6 6. Nbd2 Be7 7. c4 0-0 8. Ne5 Bh5 9. cxd5 Nxd4 10. g4 Nxg4 11. Nxg4 Bxg4 12. f3 Bh5 13. dxe6 Nxe6 14. Ne4 Qd4+ 15. Qxd4 Nxd4 16. Ng3 Bg6 17. f4 f6 18. Bxb7 Rab8 19. Bd5+ Bf7 20. Bxf7+ Kxf7 21. b3 Bc5 1/2-1/2

[Event "EU-chT Seniors 09th"]
[Site "Dresden"]
[Date "2007.02.22"]
[Round "7"]
[White "Mohrlok, Dieter A"]
[Black "Landgraf, Siegfried"]
[Result "1/2-1/2"]
[WhiteElo "2322"]
[BlackElo "2170"]
[PlyCount "92"]
[EventDate "2007.02.16"]
[EventType "team-swiss"]
[EventRounds "9"]
[EventCountry "GER"]
[SourceTitle "CBM 117 Extra"]
[Source "ChessBase"]
[SourceDate "2007.05.09"]
[SourceVersion "1"]
[SourceVersionDate "2007.05.09"]
[SourceQuality "1"]

1. e4 g6 2. d4 Bg7 3. Nc3 c5 4. Nf3 Nc6 5. Be3 Qa5 6. d5 Nb4 7. Be2 Nf6 8. 0-0 d6 9. Nd2 0-0 10. f4 Nd7 11. Nc4 Qd8 12. Qd2 b6 13. Rae1 Na6 14. Bf2 Nc7 15. a4 Ba6 16. Na3 Bxe2 17. Rxe2 a6 18. Nc4 b5 19. Na5 b4 20. Nd1 Nb6 21. b3 Qd7 22. Ne3 e6 23. Nac4 Nxc4 24. Nxc4 Rad8 25. Rd1 Bc3 26. dxe6 Qxe6 27. Qd3 Qg4 28. Qf3 Qxf3 29. gxf3 Ne6 30. Be3 Bd4 31. Kf1 d5 32. f5 dxc4 33. fxe6 fxe6 34. Bh6 Bg7 35. Rxd8 Rxd8 36. Bxg7 Kxg7 37. bxc4 Rd1+ 38. Kf2 Kf6 39. Ke3 Rd4 40. Rd2 Rxd2 41. Kxd2 Ke5 42. Ke3 g5 43. a5 h6 44. h3 Kf6 45. f4 gxf4+ 46. Kxf4 e5+ 1/2-1/2

[Event "EU-chT Seniors 09th"]
[Site "Dresden"]
[Date "2007.02.21"]
[Round "6"]
[White "Mohrlok, Dieter A"]
[Black "Vucenovic, Dragomir"]
[Result "0-1"]
[WhiteElo "2322"]
[BlackElo "2290"]
[PlyCount "84"]
[EventDate "2007.02.16"]
[EventType "team-swiss"]
[EventRounds "9"]
[EventCountry "GER"]
[SourceTitle "CBM 117 Extra"]
[Source "ChessBase"]
[SourceDate "2007.05.09"]
[SourceVersion "1"]
[SourceVersionDate "2007.05.09"]
[SourceQuality "1"]

1. e4 c5 2. Nf3 e6 3. d3 Nc6 4. g3 g6 5. Bg2 Bg7 6. 0-0 d6 7. c3 Nge7 8. d4 cxd4 9. cxd4 d5 10. e5 0-0 11. Nc3 a6 12. Re1 b5 13. Bf4 Bd7 14. Qd2 Rc8 15. h4 b4 16. Ne2 h5 17. Bh3 Nf5 18. Kg2 a5 19. Rh1 f6 20. g4 Nfxd4 21. Nexd4 Nxd4 22. Qxd4 Rc4 23. Qd2 hxg4 24. Bxg4 fxe5 25. Bxe5 Rxg4+ 26. Bg3 Qf6 27. Nh2 Rc4 28. b3 Rc3 29. Rhe1 Qf5 30. Rac1 Bc6 31. Kg1 d4 32. Qe2 Bd5 33. Qg4 d3 34. Qxf5 gxf5 35. Bf4 e5 36. Bd2 e4 37. Nf1 f4 38. Nh2 Rc6 39. Rxc6 Bxc6 40. Rc1 Bd7 41. Nf1 Bh3 42. Nh2 Bc3 0-1

[Event "EU-chT Seniors 09th"]
[Site "Dresden"]
[Date "2007.02.19"]
[Round "4"]
[White "Mohrlok, Dieter A"]
[Black "Oud, Niek"]
[Result "1-0"]
[WhiteElo "2322"]
[BlackElo "2027"]
[PlyCount "83"]
[EventDate "2007.02.16"]
[EventType "team-swiss"]
[EventRounds "9"]
[EventCountry "GER"]
[SourceTitle "CBM 117 Extra"]
[Source "ChessBase"]
[SourceDate "2007.05.09"]
[SourceVersion "1"]
[SourceVersionDate "2007.05.09"]
[SourceQuality "1"]

1. d4 Nf6 2. Bf4 e6 3. e3 d5 4. Nd2 c5 5. c3 Nc6 6. Ngf3 Be7 7. h3 0-0 8. Bd3 Bd7 9. 0-0 Rc8 10. Ne5 Nxe5 11. dxe5 Ne8 12. Qh5 f5 13. exf6 Nxf6 14. Qe2 Be8 15. Rfe1 Bd6 16. Bg5 e5 17. e4 d4 18. f4 dxc3 19. bxc3 Bf7 20. f5 Qc7 21. Bc4 a6 22. a4 Kh8 23. Bxf7 Qxf7 24. Nc4 Bc7 25. a5 h6 26. Bxf6 Qxf6 27. Ne3 Qf7 28. c4 Rcd8 29. Nd5 Rd7 30. Qe3 Bd6 31. Rab1 Qe8 32. Rf1 Be7 33. Rb6 Qd8 34. Rfb1 Bd6 35. f6 gxf6 36. Qxh6+ Rh7 37. Qg6 Rg7 38. Qh5+ Rh7 39. Qf5 Rff7 40. Rf1 Rh6 41. Qe6 Rd7 42. Rxf6 1-0

[Event "EU-chT Seniors 09th"]
[Site "Dresden"]
[Date "2007.02.18"]
[Round "3"]
[White "Dickhoff, Ronald"]
[Black "Mohrlok, Dieter A"]
[Result "1/2-1/2"]
[WhiteElo "2164"]
[BlackElo "2322"]
[PlyCount "66"]
[EventDate "2007.02.16"]
[EventType "team-swiss"]
[EventRounds "9"]
[EventCountry "GER"]
[SourceTitle "CBM 117 Extra"]
[Source "ChessBase"]
[SourceDate "2007.05.09"]
[SourceVersion "1"]
[SourceVersionDate "2007.05.09"]
[SourceQuality "1"]

1. d4 g6 2. c4 Bg7 3. Nc3 d6 4. e4 Nd7 5. Nf3 e5 6. Be2 c6 7. 0-0 Nh6 8. Bg5 f6 9. Be3 0-0 10. Qc1 Nf7 11. d5 c5 12. Bd3 Qe7 13. a3 Nb8 14. b4 b6 15. Qc2 Bh6 16. Nd1 Na6 17. b5 Nc7 18. a4 a5 19. Ne1 Ne8 20. f3 Bxe3+ 21. Nxe3 Ng7 22. g4 Nh6 23. Qg2 Kh8 24. Ra2 Bd7 25. Raf2 Rf7 26. Qh3 Ng8 27. Qh4 Raf8 28. N1g2 Ne8 29. Kh1 Rg7 30. Bc2 Rff7 31. Bd3 Qf8 32. Bc2 Ne7 33. Kg1 f5 1/2-1/2

[Event "GER-ch31 final email"]
[Site "GER email"]
[Date "2007.01.23"]
[Round "?"]
[White "Piel, Gerhard"]
[Black "Mohrlok, Dieter A"]
[Result "1/2-1/2"]
[WhiteElo "2255"]
[BlackElo "2317"]
[PlyCount "40"]
[EventDate "2007.??.??"]
[EventType "tourn (corr)"]
[EventRounds "12"]
[EventCountry "GER"]
[SourceTitle "Corr 2011"]
[Source "ChessBase"]
[SourceDate "2010.08.31"]
[SourceVersion "1"]
[SourceVersionDate "2010.08.31"]
[SourceQuality "1"]

1. e4 g6 2. d4 Bg7 3. Nc3 d6 4. Be3 a6 5. Qd2 Nd7 6. Nf3 b5 7. Bd3 c5 8. 0-0 Bb7 9. Rad1 cxd4 10. Nxd4 Ngf6 11. f3 0-0 12. a4 b4 13. Na2 a5 14. Bb5 Rc8 15. Nb3 Qc7 16. c3 Nc5 17. Nxc5 dxc5 18. cxb4 cxb4 19. Nc1 Rfd8 20. Qe2 Ne8 1/2-1/2

[Event "Seefeld op 17th"]
[Site "Seefeld"]
[Date "2006.09.26"]
[Round "4"]
[White "Mohrlok, Dieter A"]
[Black "Oettinger, Hagen"]
[Result "1-0"]
[WhiteElo "2321"]
[BlackElo "2083"]
[PlyCount "53"]
[EventDate "2006.09.23"]
[EventType "swiss"]
[EventRounds "9"]
[EventCountry "AUT"]
[SourceTitle "EXT 2009"]
[Source "ChessBase"]
[SourceDate "2008.11.26"]
[SourceVersion "1"]
[SourceVersionDate "2008.11.26"]
[SourceQuality "1"]

1. d4 Nf6 2. Nc3 d5 3. Bg5 e6 4. e3 Be7 5. Bd3 Nbd7 6. f4 c5 7. Nf3 a6 8. a4 Qb6 9. Ra2 h6 10. Bh4 Ng4 11. Bxe7 Kxe7 12. Qd2 Re8 13. 0-0 cxd4 14. exd4 Kf8 15. a5 Qa7 16. Kh1 b5 17. Raa1 Bb7 18. Rae1 Rad8 19. h3 Ngf6 20. Qf2 b4 21. Na2 Ne4 22. Qh4 b3 23. cxb3 Ndf6 24. g4 Nd2 25. Nxd2 Qxd4 26. Nc1 Rc8 27. Qf2 1-0

[Event "Seefeld op 17th"]
[Site "Seefeld"]
[Date "2006.09.24"]
[Round "2"]
[White "Mohrlok, Dieter A"]
[Black "Schumacher, Helmut"]
[Result "1-0"]
[WhiteElo "2321"]
[BlackElo "2076"]
[PlyCount "69"]
[EventDate "2006.09.23"]
[EventType "swiss"]
[EventRounds "9"]
[EventCountry "AUT"]
[SourceTitle "EXT 2009"]
[Source "ChessBase"]
[SourceDate "2008.11.26"]
[SourceVersion "1"]
[SourceVersionDate "2008.11.26"]
[SourceQuality "1"]

1. d4 d5 2. Nc3 Nf6 3. Bg5 Bf5 4. Bxf6 gxf6 5. e3 h5 6. Bd3 Bxd3 7. cxd3 c6 8. Nf3 Nd7 9. 0-0 h4 10. h3 Bg7 11. e4 e6 12. b4 Qc7 13. Rc1 Qf4 14. b5 0-0 15. bxc6 bxc6 16. Ne2 Qd6 17. Nxh4 Rfc8 18. Ng3 Bh6 19. Rc2 Kh7 20. Qh5 Qf8 21. Rb1 Rab8 22. Rxb8 Rxb8 23. Rxc6 dxe4 24. dxe4 Rb4 25. d5 Ne5 26. Rc7 exd5 27. f4 Rc4 28. Rxc4 Nxc4 29. Qxd5 Ne3 30. Qh5 Nc4 31. Kh2 Qg7 32. Qf5+ Kg8 33. Qc8+ Kh7 34. Qxc4 Bxf4 35. Nhf5 1-0

[Event "GER-chT Seniors 10th"]
[Site "Rheda Wiedenbrueck"]
[Date "2001.08.15"]
[Round "4.1"]
[White "Jugow, Alexander"]
[Black "Mohrlok, Dieter A"]
[Result "1-0"]
[WhiteElo "2198"]
[BlackElo "2330"]
[PlyCount "51"]
[EventDate "2001.08.12"]
[EventType "team"]
[EventRounds "7"]
[EventCountry "GER"]
[SourceTitle "EXT 2002"]
[Source "ChessBase"]
[SourceDate "2001.11.25"]
[SourceVersion "1"]
[SourceVersionDate "2001.11.25"]
[SourceQuality "1"]
[WhiteTeam "Hessen Seniors"]
[BlackTeam "Wuerttemberg Seniors"]
[WhiteTeamCountry "GER"]
[BlackTeamCountry "GER"]

1. d4 d5 2. c4 c6 3. Nf3 Nf6 4. Nc3 e6 5. Bg5 Be7 6. e3 Nbd7 7. Qc2 b6 8. cxd5 exd5 9. Bd3 Bb7 10. 0-0 h6 11. Bf4 0-0 12. Rad1 Nh5 13. Be5 f6 14. Bg3 Nxg3 15. hxg3 Bd6 16. Nh4 Re8 17. Bg6 Re6 18. Bh7+ Kf8 19. Qf5 Re8 20. Qh5 Re7 21. Ng6+ Ke8 22. Nh8+ Kf8 23. e4 g5 24. Qxh6+ Rg7 25. e5 Be7 26. e6 1-0

[Event "BL2-Sued 9900"]
[Site "Germany"]
[Date "2000.01.30"]
[Round "5.6"]
[White "Mohrlok, Dieter A"]
[Black "Roemer, Ulrich"]
[Result "1/2-1/2"]
[WhiteElo "2370"]
[BlackElo "2291"]
[PlyCount "42"]
[EventDate "1999.10.10"]
[EventType "team-tourn"]
[EventRounds "9"]
[EventCountry "GER"]
[SourceTitle "CBM 074 Extra"]
[Source "ChessBase"]
[SourceDate "2000.03.10"]
[SourceVersion "2"]
[SourceVersionDate "2000.03.10"]
[SourceQuality "1"]
[WhiteTeam "Stuttgart"]
[BlackTeam "Ulm"]
[WhiteTeamCountry "GER"]
[BlackTeamCountry "GER"]

1. e4 d6 2. d4 Nf6 3. Nc3 g6 4. g3 Bg7 5. Bg2 0-0 6. Nge2 e5 7. h3 exd4 8. Nxd4 Re8 9. 0-0 Nc6 10. Be3 Bd7 11. Re1 a6 12. f4 Na5 13. Bf2 c5 14. Nf3 Bc6 15. e5 Bxf3 16. Qxf3 dxe5 17. Bxc5 Qc8 18. Bb6 Nc4 19. fxe5 Nd7 20. Bd4 Ndxe5 21. Qf4 Qf5 1/2-1/2